000 00348nam a2200157Ia 4500
003 Ost
005 20260225132556.0
008 260225s9999||||xx |||||||||||||| ||und||
040 _cfsic
041 _afre
082 _a440
100 _aG.P.Frantsov
_eAuteur
245 0 _aPhilosophy and sociology /
245 0 _cG.P.Frantsov
942 _cكتاب
999 _c34477
_d34477